Malachite Miners 2 All Ores - Statistics

General Stats
  • This quiz has been taken 39 times
    20 since last reset
  • The average score is 162 of 467
Answer Stats
Category Extra Note Answer % Correct
Surface Common Coal
89%
Deep Common Diamond
89%
Surface Common Gold
89%
Subsurface Common Ruby
89%
Surface Common Stone
89%
Rares Mythical Antimatter
78%
Rares Rare Betastring
78%
Subsurface Common Copper
78%
Rares Ascendant Eden
78%
Rares Ethereal Glitched
78%
Biomes Common Ice
78%
Surface Common Iron
78%
Caverns Common Malachite
78%
Rares Ethereal Motherboard
78%
Rares Ascendant No Texture
78%
Surface Common Opal
78%
Mountain Common Quicksilver
78%
Subsurface Common Sapphire
78%
Mountain Common Sardonyx
78%
Subsurface Common Topaz
78%
Biomes Common Abyssal Stone
67%
Rares Exceptional Aerogel
67%
Caverns Common Amethyst
67%
Biomes Common Amethyst Block
67%
Biomes Common Andesite
67%
Rares Rare Astragel
67%
Rares Mythical Cosmic
67%
Rares Ascendant Creation
67%
Rares Mythical Dark Matter
67%
Rares Rare Electroglass
67%
Deep Common Emerald
67%
Rares Legendary Eternal
67%
Rares Legendary Fracture
67%
Rares Mythical Illusion
67%
Rares Rare Jellybeanite
67%
Mountain Common Linarite
67%
Biome Ores Common Plutonium
67%
Rares Ascendant Pulsar
67%
Abyss Rares Rare Reliclase
67%
Rares Ascendant Sentience
67%
Subsurface Common Silver
67%
Rares Mythical Strange Matter
67%
April Fools Event "Uranium"
67%
Biome Ores Common Uranium
67%
Surface Special Depth Aberratium
56%
Biome Ores Common Adamite
56%
Rares Exceptional Alphastring
56%
Caverns Common Arsenic
56%
Rares Rare Astatine
56%
April Fools Event "Azure"
56%
Primordial Common Azure
56%
Dimensional Common Bismuth
56%
Rares Rare Cerulean
56%
Space Common Cobalt
56%
Rares Mythical Complex
56%
Biomes Common Coral
56%
Biome Ores Common Coralmite
56%
Biomes Common Cosmic Dust
56%
Rares Ascendant Cryptic
56%
Rares Ascendant Destruction
56%
Rares Legendary Duality
56%
Biome Ores Common Flint
56%
Abyss Rares Exceptional Fulgurian
56%
Biomes Common Gravel
56%
Biome Ores Common Ice Crystal
56%
Abyss Rares Ethereal Ilektros
56%
Rares Ethereal Inferos
56%
Surface Special Depth Limbonium
56%
Biomes Common Molten Rock
56%
Biomes Common nil
56%
Biomes Common Nuclear Waste
56%
Rares Legendary Origin
56%
Rares Rare Overgrowth
56%
Rares Ascendant Quintessence
56%
Biomes Common Radioactive Waste
56%
Rares Ethereal Stabilibrite
56%
Biome Ores Common Thorium
56%
Biome Ores Common Unobtainium
56%
Rares Ascendant Vortex
56%
Biomes Common Warped Stone
56%
Rares Ascendant Wormhole
56%
Rares Exceptional Wubium
56%
Mystery Special Depth 1541
44%
Crystals Common Abyssal Crystals
44%
Primordial Common Aeroshard
44%
Barriers Common Altered Fabric
44%
Chaos Common Antimony
44%
Biome Ores Common Ardite
44%
Space Common Asteroid
44%
Biomes Common Aurora Crystal
44%
Dimensional Common Aventurine
44%
Barriers Unobtainable Barrier
44%
Infernal Common Basalt
44%
Developer Ore Super Special Beanite
44%
Corruption Special Depth Broken Barrier
44%
Anniversary Event Cakeium
44%
Underworld Common Californium
44%
Christmas Event Candy Canes
44%
Halloween Event Candy Corn
44%
Rares Exceptional Celestial
44%
Rares Mythical Charm
44%
Sky Common Cloud
44%
Developer Ore Super Special Cobalt Arthurite
44%
Rares Rare Cobaltarthurite
44%
Rares Legendary Codex
44%
Christmas Super Special Col
44%
Crystals Common Crystals
44%
Biomes Common Diamond Block
44%
Biomes Common Dragon Stone
44%
Biome Ores Common Elemental Malachite
44%
Abyss Rares Exceptional Everfrost
44%
Caverns Special Depth EVIL Malachite
44%
Crystals Common Exotic Crystals
44%
Rares Ethereal Flerovium
44%
Biomes Common Fossilised Remains
44%
Halloween Event Rare Frightmatter
44%
Dimensional Common Galaxite
44%
Biome Ores Common Galena
44%
Anniversary Event Giftium
44%
Easter Event Rare Golden Eggstone
44%
Rares Exceptional Grandidierite
44%
Valentines Day Event Heartite
44%
Rares Legendary Hollow
44%
Primordial Common Hypervoid
44%
Divine Common Indium
44%
Abyss Rares Exceptional Kerozyx
44%
Abyss Rares Exceptional Kordovix
44%
Limbo Common Lightmatter
44%
Developer Ore Super Special LIZARD CRYSTAL
44%
Easter Event Legendary Lord Eggstone
44%
St. Patrick's Event Lucky Clover
44%
Core Common Magma
44%
Biomes Common Malachite Block
44%
Valentines Day Event Rare Malachite Heart
44%
Biomes Common Malfunction Stone
44%
Rares Legendary Malware
44%
Rares Exceptional Matrix
44%
Mystery Common Microcline
44%
Limbo Common Nightmatter
44%
Core Common Obsidian
44%
Rares Legendary Occultatum
44%
Biome Ores Common Olivine
44%
Rares Exceptional Penumbra
44%
Caverns Common Peridot
44%
Primordial Common Polarity
44%
St. Patrick's Event Rare Pot of Gold
44%
Rares Legendary Prismatic
44%
Biomes Common Quantum Foam
44%
The Abyss Common Rasque
44%
Rift Common Realgar
44%
Biome Ores Common Rhodium
44%
Core Common Rubidium
44%
Rares Exceptional Rumour
44%
Couloir Common Runic
44%
Biome Ores Common Scapolite
44%
Biome Ores Common Shattered Aurora
44%
Infernal Common Solarium
44%
Stellar Common Somnium
44%
Couloir Common Soulsludge
44%
Barriers Common Soulstone
44%
New Years Event Sparklite
44%
Lost Common Spinel
44%
Rares Legendary Spirit
44%
Rares Exceptional Stardust
44%
Rares Legendary Starglass
44%
Rares Ascendant Supernova
44%
Biome Ores Common Time Crystal
44%
The Abyss Common Vellichor
44%
Easter Event Rare Void Eggstone
44%
Developer Ore Super Special Yes Texture
44%
Subsurface Common Zinc
44%
The Abyss Common Absinthine
33%
The Abyss Common Aether
33%
The Abyss Common Aftergloom
33%
Sky Common Agate
33%
Frozen Common Alcyoneum
33%
Easter Event Amber Eggstone
33%
Developer Ore Super Special "Ambrosia"
33%
Rares Exceptional Angelwork
33%
Biome Ores Common Apophyllite
33%
Deep Special Depth Attryke
33%
Rares Rare Aurora Borealis
33%
Biome Ores Common Australium
33%
Subsurface Special Depth Baseite
33%
Core Common Beryllium
33%
Biomes Common Bismuth Block
33%
Sky Common Bornite
33%
Barriers Common Bugged Stone
33%
The Abyss Common Cadence
33%
Dimensional Common Cadmium
33%
Frozen Common Caesium
33%
Dimensional Common Celestine
33%
Limbo Common Certus Quartz
33%
Crystallised Common Chalcedony
33%
Lost Common Chambersite
33%
Biome Ores Common Chromatril
33%
Mystical Common Chromium
33%
Underworld Common Citrine
33%
Infernal Common Coronium
33%
Rares Exceptional Coruscent
33%
Barriers Common Crying Obsidian
33%
Barriers Common Darkstone
33%
Halloween Event Rare Deathmetal
33%
Oblivion Common Demonite
33%
Biomes Common Deuterium
33%
Chaos Common Devilline
33%
Pride Month Event Diversium
33%
Barriers Common Divinistone
33%
The Abyss Common Ecru
33%
Halloween Event Legendary Ectoplasm
33%
Easter Super Special Egg Basket
33%
Easter Event Eggstone
33%
Void Common Einsteinium
33%
Rares Legendary Enigma
33%
Crystals Common Equilibrium Crystals
33%
Crystals Common Eternal Crystals
33%
April Fools Super Special EVIL Eden
33%
Barriers Common Fabric of Reality
33%
Barriers Common Firewall
33%
April Fools Super Special Fishium
33%
Rares Rare Fissure
33%
Radioactive Common Fluorite
33%
April Fools Event Fools Malachite
33%
Anniversary Event Rare Frosted Cakeium
33%
Developer Ore Super Special Frosted Fracture
33%
Developer Ore Super Special Grass
33%
Barriers Common Grimstone
33%
Easter Event Rare Heavenly Eggstone
33%
Core Common Heliodor
33%
Rift Common Hematite
33%
Chaos Common Indicolite
33%
Mystery Common Kyanite
33%
Mystery Common Lapis Lazuli
33%
The Abyss Common Lead
33%
Corruption Common Leucophanite
33%
Mystery Special Depth Liberyllium
33%
Biome Ores Common Melanoheliodor
33%
April Fools Common Meme Stone
33%
Mystical Common Mystic Quartz
33%
Crystals Common Mythical Crystals
33%
Altar Common Natura
33%
Crystals Common Nebula Crystals
33%
Rift Common Nephrite
33%
Radioactive Common Neptunium
33%
April Fools Event Rare Neutrine
33%
New Years Event Rare New Years Fireworkite
33%
Rares Ethereal Obscurus
33%
Core Special Depth Oil
33%
Primordial Common Omegastring
33%
Biome Ores Common Onyx
33%
Underworld Common Painite
33%
Radioactive Common Polonium
33%
Primordial Common Primatter
33%
Rares Rare Purpurus
33%
Crystallised Common Pyrite
33%
Infernal Common Pyrochre
33%
Developer Ore Super Special Qcffidhsr
33%
Radioactive Common Radium
33%
Miscellaneous Common Raw Energy
33%
Altar Common Red Bronze
33%
Rift Common Schorl
33%
Biomes Common Scoria
33%
Rares Legendary Serenity
33%
Radioactive Common Serpentine
33%
Altar Common Shadowshine
33%
Rares Mythical Solar Rift
33%
The Abyss Common Soot
33%
Primordial Common Sprite
33%
Barriers Common Starslate
33%
Sky Common Talc
33%
Easter Event Teapot Eggstone
33%
Crystallised Common Technetium
33%
Void Common Tellurium
33%
Marine Common Tenebris
33%
Hyperspace Common Tennessine
33%
Mystery Common Tsavorite
33%
Primordial Common Twilistar
33%
Frozen Common Viridis
33%
Altar Common White Diamond
33%
Hyperspace Common Zenibrum
33%
Underworld Common Zircon
33%
Oblivion Common Agnostine
22%
Developer Ore Super Special Alembicite
22%
Lost Common Ametrine
22%
Rift Common Andorite
22%
Sky Common Apatite
22%
Hyperspace Common Apeirocline
22%
Barriers Common Apophistone
22%
Void Common Aragonite
22%
Biome Ores Common Arseniosiderite
22%
Stellar Common Arthurite
22%
The Abyss Common Astronium
22%
Christmas Event Baubleium
22%
April Fools Event Rare Big Rat Crystal
22%
Underworld Common Biotite
22%
Limbo Common Black Diamond
22%
Frozen Common Blizzardust
22%
Developer Ore Super Special Bluescreen
22%
Glitched Common Boussingaultite
22%
Divine Common Brightine
22%
Underworld Common Carnelian
22%
The Abyss Common Centauryx
22%
Glitched Common Chalcopyrite
22%
Easter Event Chocolate Eggstone
22%
Void Common Chrysoprase
22%
Sanctuary Common Corundum
22%
Sanctuary Common Cosmilite
22%
Chaos Common Crimsoberyl
22%
Chaos Common Crimtane
22%
Corruption Common Cuprosklodowskite
22%
Halloween Event Cursed Diamond
22%
Chaos Common Cytoprase
22%
The Abyss Common Darktainium
22%
Glitched Common Dmitryivanovite
22%
Divine Common Dravite
22%
Easter Event Rare Easter Eggstone
22%
Barriers Common Enchanted Obsidian
22%
Developer Ore Super Special Epinephrite
22%
April Fools Event Rare Evil Rock
22%
Biome Ores Common Flavolite
22%
Median Common Fletchnium
22%
Frozen Common Fractalice
22%
Primordial Common Fractiglass
22%
Dimensional Common Francium
22%
Halloween Event Frankensteinium
22%
Chaos Common Friedelite
22%
Mystical Common Gadolinium
22%
Developer Ore Super Special Gamingfishite
22%
Christmas Event Rare Garlandine
22%
Crystallised Common Garnet
22%
Glitched Common Greifensteinite
22%
Rift Common Halite
22%
Oblivion Common Hazenite
22%
Glitched Common Hydromagnesite
22%
Caverns Common Ilmethenite
22%
Rares Exceptional Impediendum
22%
Christmas Event Rare Inferost
22%
Sky Common Jasper
22%
Oblivion Common Kenosire
22%
Lost Common Lanthanum
22%
Void Common Larimar
22%
Mystery Common Lepidolite
22%
Oblivion Common Lithium
22%
Chaos Common Livermorium
22%
Core Common Lonsdaleite
22%
New Years Event Luminite
22%
Void Common Lutetium
22%
Space Common Magnesium
22%
Hyperspace Common Mauvalin
22%
Corruption Common Millosevichite
22%
Rift Common Morganite
22%
Primordial Common Multimatter
22%
Sanctuary Common Naquadria
22%
Dimensional Common Neodymium
22%
Divine Common Nevmarel
22%
Mystical Common Newtonium
22%
Marine Common Niobium
22%
The Abyss Common Nyctous
22%
Divine Common Ochrum
22%
Chaos Common Oganesson
22%
Glitched Common Oosterboschite
22%
April Fools Event Ore
22%
Core Common Palladium
22%
Glitched Common Picropharmacolite
22%
Mystical Common Plasma Chalcedony
22%
Space Common Platinum
22%
Christmas Event Legendary Polar Rift
22%
Christmas Event Rare Puddingite
22%
Infernal Common Pyroberyl
22%
Sky Common Quartz
22%
Sanctuary Common Quintapearl
22%
Pride Month Event Rare Rainbonite
22%
Rares Rare Remnant
22%
Crystallised Common Rhodonite
22%
Marine Common Seaborgium
22%
Space Common Silicon
22%
Crystallised Common Sugilite
22%
Limbo Common Sulfur
22%
Lost Common Tanzanite
22%
April Fools Event Rare Texture
22%
Altar Common Thermalint
22%
Void Common Tin
22%
Lost Common Tourmaline
22%
Pride Month Event Rare Transcendium
22%
Marine Common Trenchstone
22%
Oblivion Common Tritium
22%
Altar Common Valourian
22%
Rift Common Vanadium
22%
Developer Ore Super Special Venturian Spyware
22%
Rares Legendary Vexnium
22%
Divine Common Wavellite
22%
Divine Common Xanthiosite
22%
Stellar Common Xenon
22%
Divine Common Yttrium
22%
Limbo Common Yunium
22%
Mystical Common Andrinite
11%
The Abyss Common Apolytus
11%
Primordial Common Arcanic
11%
Marine Common Asurine
11%
Divine Common Biruvite
11%
Mystical Common Chrysocolla
11%
Christmas Event Cold Spinel
11%
The Abyss Common Divitium
11%
Median Common Divumite
11%
Altar Common Eigengrau
11%
Corruption Common Elkinstantonite
11%
Corruption Common Fluororichterite
11%
Marine Common Fluvium
11%
Halloween Event Frightstone
11%
Christmas Event Frosted Malachite
11%
Corruption Common Glaucochroite
11%
Halloween Event Rare Hallow
11%
Sanctuary Common Hexaferrum
11%
Sanctuary Common Ireminite
11%
Corruption Common Jeremejevite
11%
Developer Ore Super Special Joelumite
11%
Stellar Common Kendrium
11%
The Abyss Common Kenopsia
11%
Oblivion Common Korrelite
11%
Sky Common Langite
11%
April Fools Event Rare MalaKITE
11%
Sanctuary Common Manyullyn
11%
Infernal Common Moltenia
11%
The Abyss Common Moqumesa
11%
Frozen Common Mythril
11%
Median Common Narcor
11%
Stellar Common Nefellin
11%
The Abyss Common Neutronium
11%
Space Common Nickel
11%
Corruption Common Niedermayrite
11%
Halloween Event Nightmarium
11%
Christmas Event Rare North Starglass
11%
Marine Common Ocean Jasper
11%
Infernal Common Octine
11%
Stellar Common Oneirocline
11%
Space Common Osmium
11%
Biomes Common Peat
11%
Christmas Event Peppermintite
11%
Hyperspace Common Perdiastrum
11%
Oblivion Common Promethium
11%
Halloween Event Pumpkinite
11%
Rares Rare Robotic Malachite
11%
Hyperspace Common Roentgenium
11%
Space Common Ruthenium
11%
Limbo Common Rutile
11%
Median Common Samarium
11%
Hyperspace Common Scandium
11%
Limbo Common Scylline
11%
Halloween Event Rare Shadowspec
11%
Stellar Common Stratosphene
11%
Biome Ores Common Tetrataenite
11%
Marine Common Thalasstrian
11%
Developer Ore Super Special The evidence insurmountable
11%
Space Common Titanium
11%
Stellar Common Tolmedite
11%
Halloween Super Special Trick or Treat Bag
11%
Hyperspace Common Tungsten
11%
Sky Common Turquoise
11%
Median Common Valonite
11%
Glitched Common Vauquelinite
11%
Mystical Common Veridium
11%
Oblivion Common Violecite
11%
Rares Legendary Circinite
0%
Chaos Common Dysprosium
0%
Miscellaneous Common Foolstone
0%
Frozen Common Gelidine
0%
Space Common Iridium
0%
No matching quizzes found
Score Distribution
Percent of People with Each Score
Percentile by Number Answered
Your Score History
You have not taken this quiz since the last reset